ALL Oregon Cities - Statistics

General Stats
  • This quiz has been taken 97 times
  • The average score is 87 of 241
Answer Stats
County Municipality % Correct
P Multnomah, Washington, Clackamas Portland
96%
E Lane Eugene
94%
B Deschutes Bend
92%
S Marion, Polk Salem
92%
B Washington Beaverton
88%
C Benton Corvallis
86%
M Jackson Medford
86%
A Clatsop Astoria
82%
G Josephine Grants Pass
82%
G Multnomah Gresham
82%
C Coos Coos Bay
78%
L Clackamas, Multnomah, Washington Lake Oswego
78%
L Lincoln Lincoln City
78%
T Washington Tigard
78%
T Tillamook Tillamook
78%
H Washington Hillsboro
76%
H Hood River Hood River
76%
K Klamath Klamath Falls
76%
O Clackamas Oregon City
76%
A Linn, Benton Albany
74%
P Umatilla Pendleton
74%
R Deschutes Redmond
74%
S Lane Springfield
74%
N Lincoln Newport
72%
A Jackson Ashland
68%
O Malheur Ontario
68%
T Wasco The Dalles
68%
M Yamhill McMinnville
66%
B Curry Brookings
64%
R Douglas Roseburg
64%
T Washington, Clackamas Tualatin
64%
B Harney Burns
62%
B Baker Baker City
60%
K Marion Keizer
60%
F Washington Forest Grove
58%
H Umatilla Hermiston
58%
N Yamhill Newberg
58%
D Polk Dallas
56%
L Linn Lebanon
56%
M Jefferson Madras
56%
U Umatilla Umatilla
56%
W Clackamas, Washington Wilsonville
56%
C Clatsop Cannon Beach
54%
C Lane Cottage Grove
54%
J Wallowa Joseph
54%
S Clatsop Seaside
54%
W Clackamas West Linn
54%
F Lane Florence
52%
L Union La Grande
52%
P Crook Prineville
52%
S Deschutes Sisters
52%
T Multnomah Troutdale
52%
C Clackamas Canby
50%
N Coos North Bend
50%
S Clackamas Sandy
50%
S Columbia Scappoose
50%
W Marion Woodburn
50%
Y Yamhill Yamhill
50%
B Coos Bandon
48%
G Curry Gold Beach
48%
H Clackamas Happy Valley
48%
M Clackamas, Multnomah Milwaukie
48%
J Grant John Day
46%
J Lane Junction City
46%
M Clackamas Molalla
46%
M Polk Monmouth
46%
S Columbia St. Helens
46%
W Clatsop Warrenton
46%
D Marion Detroit
44%
M Umatilla Milton-Freewater
44%
C Jackson Central Point
42%
J Jackson Jacksonville
42%
J Marion Jefferson
42%
P Jackson Phoenix
42%
S Yamhill Sheridan
42%
S Washington Sherwood
42%
S Douglas Sutherlin
42%
S Linn Sweet Home
42%
W Wallowa Wallowa
42%
L Lake Lakeview
40%
L Deschutes La Pine
40%
M Tillamook Manzanita
40%
O Douglas Oakland
40%
R Douglas Reedsport
40%
Y Lincoln Yachats
40%
B Washington Banks
38%
E Wallowa Enterprise
38%
E Clackamas Estacada
38%
G Clackamas Gladstone
38%
I Polk Independence
38%
M Benton Monroe
38%
O Lane Oakridge
38%
R Jackson Rogue River
38%
S Marion Stayton
38%
T Jackson Talent
38%
U Union Union
38%
W Lincoln Waldport
38%
W Douglas Winston
38%
A Marion Aurora
36%
B Linn Brownsville
36%
D Yamhill Dayton
36%
D Lincoln Depoe Bay
36%
E Jackson Eagle Point
36%
P Benton Philomath
36%
R Columbia Rainier
36%
T Lincoln Toledo
36%
C Lane Coburg
34%
C Washington Cornelius
34%
C Lane Creswell
34%
D Douglas Drain
34%
F Multnomah Fairview
34%
S Marion Silverton
34%
T Linn Tangent
34%
V Columbia Vernonia
34%
A Yamhill Amity
32%
C Yamhill Carlton
32%
C Josephine Cave Junction
32%
C Coos Coquille
32%
D Yamhill Dundee
32%
H Linn Harrisburg
32%
V Lane Veneta
32%
W Yamhill, Polk Willamina
32%
B Morrow Boardman
30%
G Clatsop Gearhart
30%
M Wasco Maupin
30%
M Marion, Linn Mill City
30%
S Linn Scio
30%
W Sherman Wasco
30%
W Tillamook Wheeler
30%
J Malheur Jordan Valley
28%
R Tillamook Rockaway Beach
28%
S Lincoln Siletz
28%
V Malheur Vale
28%
Y Douglas Yoncalla
28%
A Wasco Antelope
26%
D Wasco Dufur
26%
F Wheeler Fossil
26%
H Morrow Heppner
26%
H Marion Hubbard
26%
K Washington King City
26%
L Linn Lyons
26%
M Wheeler Mitchell
26%
M Coos Myrtle Point
26%
P Curry Port Orford
26%
A Benton Adair Village
24%
C Douglas Canyonville
24%
E Douglas Elkton
24%
G Tillamook Garibaldi
24%
G Washington, Yamhill Gaston
24%
L Lane Lowell
24%
M Marion Mt. Angel
24%
M Douglas Myrtle Creek
24%
N Tillamook Nehalem
24%
N Washington North Plains
24%
R Douglas Riddle
24%
S Marion Sublimity
24%
T Marion Turner
24%
A Gilliam Arlington
22%
A Marion Aumsville
22%
C Hood River Cascade Locks
22%
C Klamath Chiloquin
22%
C Columbia Clatskanie
22%
C Gilliam Condon
22%
C Jefferson Culver
22%
D Marion Donald
22%
E Union Elgin
22%
G Marion Gervais
22%
G Jackson Gold Hill
22%
H Linn Halsey
22%
L Yamhill Lafayette
22%
L Coos Lakeside
22%
M Jefferson Metolius
22%
S Umatilla Stanfield
22%
S Marion St. Paul
22%
A Malheur Adrian
20%
B Tillamook Bay City
20%
B Klamath Bonanza
20%
D Grant Dayville
20%
F Polk Falls City
20%
G Sherman Grass Valley
20%
I Marion, Linn Idanha
20%
I Morrow Ione
20%
I Morrow Irrigon
20%
M Linn Millersburg
20%
M Sherman Moro
20%
N Malheur Nyssa
20%
P Lake Paisley
20%
S Wasco Shaniko
20%
S Wheeler Spray
20%
G Marion, Linn Gates
18%
G Douglas Glendale
18%
H Harney Hines
18%
L Morrow Lexington
18%
M Grant Monument
18%
P Umatilla Pilot Rock
18%
P Grant Prairie City
18%
S Jackson Shady Cove
18%
A Umatilla Athena
16%
B Clackamas Barlow
16%
C Columbia Columbia City
16%
G Baker, Grant Greenhorn
16%
H Baker Haines
16%
H Baker Halfway
16%
H Baker Huntington
16%
I Union Island City
16%
M Grant Mount Vernon
16%
N Union North Powder
16%
R Sherman Rufus
16%
U Umatilla Ukiah
16%
C Grant Canyon City
14%
D Lane Dunes City
14%
D Washington Durham
14%
E Umatilla Echo
14%
M Klamath Malin
14%
M Multnomah Maywood Park
14%
P Coos Powers
14%
S Marion Scotts Mills
14%
S Grant Seneca
14%
S Linn Sodaville
14%
S Baker Sumpter
14%
U Baker Unity
14%
W Linn Waterloo
14%
W Umatilla Weston
14%
A Umatilla Adams
12%
B Jackson Butte Falls
12%
C Union Cove
12%
G Grant Granite
12%
H Umatilla Helix
12%
I Union Imbler
12%
J Clackamas Johnson City
12%
L Gilliam Lonerock
12%
L Grant Long Creek
12%
M Klamath Merrill
12%
M Wasco Mosier
12%
P Columbia Prescott
12%
W Lane Westfir
12%
W Multnomah Wood Village
12%
L Wallowa Lostine
10%
R Baker Richland
10%
R Clackamas, Washington Rivergrove
8%
S Union Summerville
8%
No matching quizzes found
Score Distribution
Percent of People with Each Score
Percentile by Number Answered
Your Score History
You have not taken this quiz